000 00362nam a2200157Ia 4500
003 OSt
005 20240219113719.0
008 170524s9999 xx 000 0 und d
020 _a978-9352607730
040 _cIIMT UNIVERSITY
100 _aHAVALDAR KRISHNA
100 _c2010
245 0 _aSALES AND DISTRIBUTION MANAGEMENT
260 _aTMH
942 _2ddc
_c02
999 _c2923
_d2923